Canadian Actors by Picture - Statistics

General Stats
  • This quiz has been taken 52 times
  • The average score is 9 of 16
Answer Stats
Picture Answer % Correct
Keanu Reeves
98%
Jim Carrey
91%
Ryan Gosling
91%
Ryan Reynolds
91%
Michael J. Fox
78%
Dan Aykroyd
65%
Mike Myers
63%
Seth Rogen
63%
Donald Sutherland
61%
Leslie Nielsen
59%
Michael Cera
50%
Christopher Plummer
39%
Hayden Christensen
20%
Jay Baruchel
11%
Victor Garber
11%
Bruce Greenwood
2%
No matching quizzes found
Score Distribution
Percent of People with Each Score
Percentile by Number Answered
Your Score History
You have not taken this quiz